| 000 | 00432nam a22001577a 4500 | ||
|---|---|---|---|
| 005 | 20240604102510.0 | ||
| 008 | 231205b |||||||| |||| 00| 0 eng d | ||
| 020 | _a978-1-4675-9891-0 | ||
| 082 |
_a297.82 _bBAD-J |
||
| 100 | _aBadr; Hashemi | ||
| 245 |
_aJourneying Through The Quran/ _cBadr Hashmi |
||
| 260 |
_aIslamabad,Pakistan; _bDa'wa Academy; _c2016. |
||
| 300 |
_a142 p.: _c22 cm. |
||
| 650 | _aReligion/Islam | ||
| 999 |
_c34759 _d34759 |
||